[Event "European Youth Chess Championship G14"]
[Site "Prague, Top Hotel Prague"]
[Date "2012.08.22"]
[Round "6.10"]
[White "Gazikova, Veronika"]
[Black "Temel, Burcu Melis"]
[Result "0-1"]
[WhiteElo "2033"]
[BlackElo "1615"]
[PlyCount "0"]
[EventDate "2012.08.17"]

1. e4 {[%clk 1:30:57]} c5 {[%clk 1:30:55]} 2. Nc3 {[%clk 1:31:22]} Nc6
{[%clk 1:31:20]} 3. g3 {[%clk 1:31:45]} g6 {[%clk 1:31:39]} 4. Bg2
{[%clk 1:32:04]} Bg7 {[%clk 1:32:02]} 5. d3 {[%clk 1:32:28]} e6 {[%clk 1:32:01]}
6. Be3 {[%clk 1:32:48]} Nd4 {[%clk 1:30:36]} 7. Qd2 {[%clk 1:32:36]} Qa5
{[%clk 1:29:12]} 8. f4 {[%clk 1:24:00]} Ne7 {[%clk 1:25:29]} 9. Nh3
{[%clk 1:19:20]} d5 {[%clk 1:21:03]} 10. O-O {[%clk 1:13:30]} Qc7
{[%clk 1:14:52]} 11. Nd1 {[%clk 1:06:32]} b6 {[%clk 1:04:08]} 12. c3
{[%clk 1:01:14]} Ndc6 {[%clk 1:03:49]} 13. Kh1 {[%clk 1:01:20]} O-O
{[%clk 1:02:23]} 14. g4 {[%clk 0:58:02]} dxe4 {[%clk 0:57:19]} 15. dxe4
{[%clk 0:56:42]} f5 {[%clk 0:56:54]} 16. gxf5 {[%clk 0:55:25]} exf5
{[%clk 0:57:09]} 17. e5 {[%clk 0:54:43]} Ba6 18. Re1 {[%clk 0:51:24]} Rad8
{[%clk 0:56:19]} 19. Qf2 {[%clk 0:51:09]} h6 {[%clk 0:52:50]} 20. Ng1
{[%clk 0:47:42]} Nd5 {[%clk 0:39:35]} 21. Nf3 {[%clk 0:43:50]} Nce7
{[%clk 0:37:28]} 22. Rc1 {[%clk 0:42:03]} Bb7 {[%clk 0:33:43]} 23. Bd2
{[%clk 0:39:28]} Qd7 {[%clk 0:24:35]} 24. c4 {[%clk 0:29:31]} Nc7
{[%clk 0:24:53]} 25. Bc3 {[%clk 0:29:50]} Ne6 {[%clk 0:24:43]} 26. Qh4
{[%clk 0:29:11]} Rfe8 {[%clk 0:19:52]} 27. Ne3 {[%clk 0:27:36]} Be4
{[%clk 0:16:55]} 28. a3 {[%clk 0:24:09]} Qb7 {[%clk 0:16:18]} 29. Nd2
{[%clk 0:19:42]} Bxg2+ {[%clk 0:15:59]} 30. Nxg2 {[%clk 0:20:06]} Nd4
{[%clk 0:14:56]} 31. Qg3 {[%clk 0:19:38]} Kh7 {[%clk 0:13:44]} 32. b4
{[%clk 0:17:59]} Qa6 {[%clk 0:09:42]} 33. b5 {[%clk 0:15:20]} Qb7
{[%clk 0:08:17]} 34. Bxd4 {[%clk 0:14:18]} Rxd4 {[%clk 0:07:19]} 35. Nf3
{[%clk 0:14:38]} Rd3 {[%clk 0:07:34]} 36. Ng5+ {[%clk 0:14:17]} hxg5
{[%clk 0:07:33]} 37. Qxd3 {[%clk 0:14:38]} gxf4 {[%clk 0:07:46]} 38. Kg1
{[%clk 0:13:35]} g5 {[%clk 0:07:35]} 39. Rc3 {[%clk 0:11:23]} Ng6
{[%clk 0:06:05]} 40. Qh3+ {[%clk 0:34:23]} Kg8 {[%clk 0:36:25]} 41. Qxf5
{[%clk 0:34:45]} Qxg2+ {[%clk 0:36:34]} 42. Kxg2 {[%clk 0:34:51]} Nh4+
{[%clk 0:37:03]} 43. Kh3 {[%clk 0:33:32]} Nxf5 {[%clk 0:37:31]} 44. Rd3
{[%clk 0:29:51]} Nd4 {[%clk 0:33:54]} 45. e6 {[%clk 0:26:55]} Kf8
{[%clk 0:30:48]} 46. Kg4 {[%clk 0:25:26]} Bf6 {[%clk 0:30:03]} 47. a4
{[%clk 0:23:54]} Nc2 {[%clk 0:26:37]} 48. Re4 {[%clk 0:22:01]} Ne3+
{[%clk 0:26:50]} 49. Kh5 {[%clk 0:21:40]} Kg7 {[%clk 0:27:01]} 50. Rd7+
{[%clk 0:19:54]} Be7 {[%clk 0:27:22]} 51. Rxe7+ {[%clk 0:18:47]} Rxe7
{[%clk 0:27:50]} 52. Kxg5 {[%clk 0:19:06]} Ng2 {[%clk 0:27:02]} 53. Re2
{[%clk 0:16:13]} f3 {[%clk 0:27:25]} 54. Rf2 {[%clk 0:16:39]} Rxe6
{[%clk 0:27:36]} 55. Rxf3 {[%clk 0:16:55]} Rg6+ {[%clk 0:27:55]} 56. Kh5
{[%clk 0:17:18]} Rh6+ {[%clk 0:27:45]} 57. Kg4 {[%clk 0:16:42]} Ne1
{[%clk 0:25:38]} 58. Re3 {[%clk 0:16:10]} Nc2 {[%clk 0:25:43]} 59. Re7+
{[%clk 0:16:13]} Kf6 {[%clk 0:26:10]} 60. Re2 {[%clk 0:15:33]} Nd4
{[%clk 0:25:46]} 61. Ra2 {[%clk 0:13:49]} Rg6+ {[%clk 0:25:25]} 62. Kf4
{[%clk 0:13:24]} Nb3 {[%clk 0:25:25]} 63. h4 {[%clk 0:13:28]} Rg1
{[%clk 0:24:33]} 64. Rb2 {[%clk 0:12:01]} Nd4 {[%clk 0:24:22]} 65. Ra2
{[%clk 0:11:37]} Ne6+ {[%clk 0:24:16]} 66. Kf3 {[%clk 0:11:59]} Rf1+
{[%clk 0:24:32]} 67. Ke4 {[%clk 0:10:00]} Rf4+ {[%clk 0:22:48]} 68. Kd5
{[%clk 0:10:24]} Nd8 {[%clk 0:21:21]} 69. Kd6 {[%clk 0:10:17]} Rxh4
{[%clk 0:21:12]} 70. a5 {[%clk 0:09:57]} Nb7+ {[%clk 0:21:27]} 71. Kc7
{[%clk 0:09:22]} Nxa5 {[%clk 0:21:53]} 72. Kb8 {[%clk 0:09:30]} Rh7
{[%clk 0:22:06]} 73. Rc2 {[%clk 0:09:46]} Ke5 {[%clk 0:22:32]} 0-1

[Event "European Youth Chess Championship G14"]
[Site "Prague, Top Hotel Prague"]
[Date "2012.08.22"]
[Round "6.11"]
[White "Dyakonova, Ekaterina"]
[Black "Dmochowska, Agnieszka"]
[Result "1-0"]
[WhiteElo "1921"]
[BlackElo "1770"]
[PlyCount "59"]
[EventDate "2012.08.17"]

1. e4 c5 2. Nf3 Nc6 3. d4 cxd4 4. Nxd4 Nf6 5. Nc3 d6 6. Bc4 e5 7. Nf5 Be6 8.
Bb3 Nxe4 9. Bxe6 Nxc3 10. Bxf7+ Kxf7 11. bxc3 Qf6 12. Ne3 Be7 13. Nd5 Qf5 14.
O-O h5 15. f4 e4 16. Rb1 b6 17. Rb5 Qg4 18. Qe1 Bh4 19. Qxe4 Rae8 20. Qc4 Na5
21. Rxa5 bxa5 22. Nc7+ Re6 23. Nxe6 Qxe6 24. Qc7+ Qe7 25. Qxa5 g6 26. f5 Rf8
27. Bh6 Rd8 28. Qd5+ Kf6 29. Qd4+ Kf7 30. f6 1-0

[Event "European Youth Chess Championship G14"]
[Site "Prague, Top Hotel Prague"]
[Date "2012.08.22"]
[Round "6.12"]
[White "Hojjatova, Aydan"]
[Black "Lahav, Michal"]
[Result "0-1"]
[WhiteElo "1920"]
[BlackElo "1744"]
[PlyCount "74"]
[EventDate "2012.08.17"]

1. e4 e6 2. d4 d5 3. Nc3 Bb4 4. e5 c5 5. Bd2 Ne7 6. Nb5 Bxd2+ 7. Qxd2 O-O 8. f4
a6 9. Nd6 cxd4 10. Nf3 Nbc6 11. Nxd4 Nxd4 12. Qxd4 Nf5 13. Nxf5 exf5 14. Bd3
Be6 15. O-O Rc8 16. Kh1 g6 17. Rg1 Qh4 18. Raf1 Rfd8 19. c3 Qe7 20. g4 Rc4 21.
Qf2 d4 22. Bxc4 Bxc4 23. cxd4 fxg4 24. Rc1 Bd5+ 25. Rg2 Qb4 26. Rd1 Bf3 27. Qd2
Qc4 28. b3 Qd5 29. Kg1 Bxd1 30. Qxd1 Qxd4+ 31. Qxd4 Rxd4 32. Rf2 Kf8 33. Kg2 h5
34. Kg3 Rd3+ 35. Kh4 Kg7 36. f5 Kh6 37. fxg6 Rh3# 0-1

[Event "European Youth Chess Championship G14"]
[Site "Prague, Top Hotel Prague"]
[Date "2012.08.22"]
[Round "6.13"]
[White "Suchomelova, Simona"]
[Black "Janska, Jitka"]
[Result "0-1"]
[WhiteElo "1742"]
[BlackElo "1892"]
[PlyCount "122"]
[EventDate "2012.08.17"]

1. d4 d5 2. c4 e6 3. Nf3 Nf6 4. cxd5 exd5 5. Bg5 Be7 6. e3 c6 7. Bd3 O-O 8. Qc2
Nbd7 9. O-O Re8 10. Nc3 Nf8 11. Rab1 a5 12. a3 Be6 13. b4 axb4 14. axb4 Qc7 15.
Rfc1 Rec8 16. Na4 Qd8 17. Bxf6 Bxf6 18. Qb3 Ra7 19. b5 Rca8 20. Nc5 Bg4 21. Be2
Ra2 22. Rc2 R2a3 23. Qb2 Bf5 24. Nxb7 Qb6 25. bxc6 Qxb2 26. Rcxb2 Bxb1 27. Rxb1
Rc3 28. Nc5 Be7 29. Ba6 Bxc5 30. Bb7 Rb8 31. dxc5 Rxc5 32. Nd4 Ne6 33. Nb5 Nc7
34. Nd4 Ne6 35. Nb5 Nc7 36. Nd4 Kf8 37. g3 Ke7 38. Rd1 g6 39. Nf3 f6 40. Kg2
Nb5 41. Ne1 Nd6 42. Rb1 Rxc6 43. Bxc6 Rxb1 44. Nd3 d4 45. exd4 Rd1 46. Nf4 Rxd4
47. h4 Nf5 48. Ne2 Rd2 49. Nf4 g5 50. hxg5 fxg5 51. Nh3 h6 52. Ng1 g4 53. Kf1
Nd4 54. Bb7 Kf6 55. f3 Rb2 56. Be4 Ke5 57. Ba8 h5 58. fxg4 hxg4 59. Ke1 Kd6 60.
Be4 Kc5 61. Bg6 Rg2 0-1

[Event "European Youth Chess Championship G14"]
[Site "Prague, Top Hotel Prague"]
[Date "2012.08.22"]
[Round "6.14"]
[White "Rouffignac, Marie"]
[Black "Dadello, Aleksandra"]
[Result "0-1"]
[WhiteElo "1715"]
[BlackElo "1888"]
[PlyCount "78"]
[EventDate "2012.08.17"]

1. Nf3 d5 2. g3 Nf6 3. Bg2 Bf5 4. O-O e6 5. d3 h6 6. Nbd2 Be7 7. b3 O-O 8. Bb2
Bh7 9. c4 c6 10. Rc1 Nbd7 11. Rc2 a5 12. Ne5 Nxe5 13. Bxe5 Ng4 14. Bb2 Bf6 15.
Qa1 a4 16. Bxf6 Nxf6 17. Qb2 Qe7 18. bxa4 Rxa4 19. Rb1 Ra7 20. Qc3 Rfa8 21.
Rcb2 Ne8 22. c5 Bg6 23. Nf3 f6 24. Bh3 Kh8 25. Nd4 e5 26. Nf5 Qd7 27. e4 d4 28.
Qb3 Bf7 29. Nxh6 Bxb3 30. Bxd7 Bxa2 31. Ra1 Nc7 32. Nf5 Be6 33. Rxa7 Rxa7 34.
Bxe6 Nxe6 35. Kf1 Nxc5 36. Ke2 Ra3 37. Nd6 b5 38. Nf7+ Kh7 39. Nd8 Nxd3 0-1

[Event "European Youth Chess Championship G14"]
[Site "Prague, Top Hotel Prague"]
[Date "2012.08.22"]
[Round "6.15"]
[White "Vidic, Teja"]
[Black "Semonaviciute, Agne"]
[Result "1-0"]
[WhiteElo "1888"]
[BlackElo "1656"]
[PlyCount "33"]
[EventDate "2012.08.17"]

1. e4 Nc6 2. Nf3 d5 3. exd5 Qxd5 4. Nc3 Qh5 5. Nb5 Kd8 6. d4 a6 7. Nc3 Bf5 8.
Be2 f6 9. a3 Qe8 10. d5 Nb8 11. Nd4 Bd7 12. O-O c6 13. Ne6+ Kc8 14. Na4 b5 15.
Nb6+ Kb7 16. Nxd7 Qxd7 17. dxc6+ 1-0

[Event "European Youth Chess Championship G14"]
[Site "Prague, Top Hotel Prague"]
[Date "2012.08.22"]
[Round "6.16"]
[White "Dzurjaninova, Hana"]
[Black "Rakic, Teodora"]
[Result "0-1"]
[WhiteElo "1544"]
[BlackElo "1832"]
[PlyCount "99"]
[EventDate "2012.08.17"]

1. e4 c6 2. d4 d5 3. e5 Bf5 4. Bd3 Bxd3 5. Qxd3 e6 6. Nf3 a6 7. O-O c5 8. c3
Nc6 9. Be3 c4 10. Qc2 Nge7 11. Re1 Nf5 12. Bg5 Be7 13. Bxe7 Qxe7 14. Nbd2 O-O
15. b3 b5 16. bxc4 bxc4 17. Rab1 Na7 18. a4 Rab8 19. Nf1 Nc6 20. Ng3 Nxg3 21.
hxg3 Rxb1 22. Rxb1 Rb8 23. Rxb8+ Nxb8 24. Qb2 Qc7 25. Nd2 Nd7 26. Qb4 Qb8 27.
Qb1 Qxb1+ 28. Nxb1 a5 29. Kf1 Nb6 30. Ke2 Nxa4 31. Kd2 Kf8 32. Na3 Ke7 33. Nb5
Nb6 34. f4 Nc8 35. Kc2 Kd7 36. Kb2 f6 37. g4 Kc6 38. Na3 fxe5 39. fxe5 Ne7 40.
Nb1 Ng8 41. Nd2 Nh6 42. Nf3 Nxg4 43. Ng5 Kd7 44. Nxh7 Ke7 45. Ka3 Ne3 46. Ka4
Nd1 47. Kxa5 Nxc3 48. Kb4 Ne4 49. g4 g5 50. Ka3 0-1

[Event "European Youth Chess Championship G14"]
[Site "Prague, Top Hotel Prague"]
[Date "2012.08.22"]
[Round "6.17"]
[White "Kubosova, Jana"]
[Black "Pychova, Nela"]
[Result "1/2-1/2"]
[WhiteElo "1497"]
[BlackElo "1786"]
[PlyCount "74"]
[EventDate "2012.08.17"]

1. d4 d5 2. Nf3 Nf6 3. Bf4 e6 4. e3 Be7 5. c4 O-O 6. Nc3 b6 7. Rc1 c5 8. cxd5
Nxd5 9. Nxd5 exd5 10. b3 Bb7 11. Bd3 Nd7 12. h4 Nf6 13. h5 a5 14. h6 g6 15. Ne5
cxd4 16. exd4 Bb4+ 17. Bd2 Bxd2+ 18. Qxd2 Ne4 19. Bxe4 dxe4 20. Nc6 Qd6 21. d5
f6 22. Qd4 b5 23. Rh4 Rac8 24. Rxe4 Bxc6 25. Rxc6 Rxc6 26. dxc6 Qxc6 27. a4
bxa4 28. Qxa4 Qc1+ 29. Ke2 Qxh6 30. Qxa5 Qg7 31. Qd5+ Kh8 32. Ra4 Re8+ 33. Kf3
Qc7 34. Rc4 Qg7 35. Ra4 Qc7 36. Rc4 Qg7 37. Ra4 Qc7 1/2-1/2

[Event "European Youth Chess Championship G14"]
[Site "Prague, Top Hotel Prague"]
[Date "2012.08.22"]
[Round "6.18"]
[White "Keetman, Maaike"]
[Black "Schnegg, Anna-Lena"]
[Result "0-1"]
[WhiteElo "1802"]
[BlackElo "2088"]
[PlyCount "118"]
[EventDate "2012.08.17"]

1. e4 c5 2. Nc3 Nc6 3. Bb5 Nf6 4. Bxc6 dxc6 5. d3 e5 6. Nge2 Be7 7. O-O O-O 8.
h3 Ne8 9. f4 exf4 10. Nxf4 Nc7 11. Be3 f5 12. Qe1 b6 13. Rd1 Ne6 14. Nxe6 Bxe6
15. d4 cxd4 16. Bxd4 Qc7 17. Kh1 f4 18. e5 Rad8 19. Rf3 c5 20. Bg1 Rxd1 21.
Nxd1 Rf5 22. Qe4 Qxe5 23. Qxe5 Rxe5 24. Rxf4 Bg5 25. Rf3 Bd5 26. Rd3 Be4 27.
Rc3 Bd2 28. Rc4 Bd5 29. Rg4 Re2 30. c4 Be6 31. Rg3 Bxc4 32. b3 Bd5 33. Nf2 Be1
34. Rd3 Bxf2 35. Bxf2 Rxf2 36. Rxd5 Rxa2 37. Rd3 Rb2 38. Kg1 Kf7 39. Kf1 a5 40.
g4 b5 41. Ke1 a4 42. bxa4 bxa4 43. Ra3 Rb4 44. Kd2 Ke6 45. Kc2 Kd5 46. Rd3+ Kc6
47. Ra3 Rf4 48. Ra1 Kb5 49. Kb2 Rf2+ 50. Kc3 Rf3+ 51. Kc2 Rxh3 52. Rg1 Kc4 53.
Kb2 Kb4 54. Kc2 Rh2+ 55. Kb1 c4 56. Kc1 Kb3 57. Rg3+ c3 58. Rg1 Ra2 59. Kb1 c2+
0-1

[Event "European Youth Chess Championship G14"]
[Site "Prague, Top Hotel Prague"]
[Date "2012.08.22"]
[Round "6.19"]
[White "Jinely, Tamar"]
[Black "Bluhm, Sonja Maria"]
[Result "0-1"]
[WhiteElo "1789"]
[BlackElo "1977"]
[PlyCount "78"]
[EventDate "2012.08.17"]

1. e4 c5 2. Nc3 Nc6 3. Bb5 Nd4 4. Bc4 e6 5. Nge2 Nf6 6. O-O a6 7. a4 d5 8. exd5
exd5 9. Ba2 Bg4 10. d3 Nxe2+ 11. Nxe2 Bd6 12. Bg5 O-O 13. h3 Be6 14. Nf4 h6 15.
Bxf6 Qxf6 16. Nxe6 fxe6 17. Qg4 Qe5 18. Qg3 Qxg3 19. fxg3 Bxg3 20. Bb3 Rxf1+
21. Rxf1 b5 22. Rf3 Bd6 23. Re3 c4 24. dxc4 Bc5 25. Kf2 bxc4 26. Ba2 Rb8 27. b3
cxb3 28. Bxb3 Kf7 29. Ke2 Bxe3 30. Kxe3 Ke7 31. Kd4 Kd6 32. Kd3 e5 33. Ke3 Kc5
34. Kd3 Re8 35. Ke3 e4 36. c3 Rb8 37. Bd1 Kc4 38. Bg4 Kxc3 39. Be6 d4+ 0-1

[Event "European Youth Chess Championship G14"]
[Site "Prague, Top Hotel Prague"]
[Date "2012.08.22"]
[Round "6.20"]
[White "Roklicer, Heike"]
[Black "Malassagne, Isabelle"]
[Result "0-1"]
[WhiteElo "1743"]
[BlackElo "1897"]
[PlyCount "60"]
[EventDate "2012.08.17"]

1. d4 e6 2. c4 Nf6 3. Nc3 Bb4 4. Bg5 h6 5. Bh4 O-O 6. Nf3 d5 7. e3 Nbd7 8. Bd3
dxc4 9. Bxc4 c5 10. a3 Bxc3+ 11. bxc3 Qa5 12. Qb3 cxd4 13. exd4 b6 14. Bxf6
Nxf6 15. O-O Bb7 16. Nd2 Qg5 17. f3 Qxd2 18. Rfe1 Qg5 19. Re5 Qg6 20. Kf2 Bd5
21. Bxd5 Nxd5 22. g3 Qd3 23. Rxd5 exd5 24. Rd1 Qc4 25. Qc2 Rac8 26. Rc1 Rfe8
27. g4 Re7 28. h4 Rce8 29. Qf5 Re2+ 30. Kg3 Qc7+ 0-1

[Event "European Youth Chess Championship G14"]
[Site "Prague, Top Hotel Prague"]
[Date "2012.08.22"]
[Round "6.21"]
[White "Sagadijeva, Anna"]
[Black "Edilsultanova, Zalina"]
[Result "0-1"]
[WhiteElo "1890"]
[BlackElo "1719"]
[PlyCount "84"]
[EventDate "2012.08.17"]

1. Nf3 c5 2. c4 Nc6 3. Nc3 Nf6 4. g3 d5 5. cxd5 Nxd5 6. Bg2 Nxc3 7. bxc3 e5 8.
O-O Be7 9. d3 O-O 10. a4 Be6 11. Nd2 Qc7 12. Qc2 c4 13. dxc4 Na5 14. Rb1 Rfd8
15. Be4 g6 16. Rb5 Rab8 17. Bd5 Bxd5 18. Rxd5 Nxc4 19. Rxd8+ Rxd8 20. Ne4 Qc6
21. h4 h5 22. Ng5 Qd5 23. Qe4 Kg7 24. Qxd5 Rxd5 25. Nf3 f6 26. Be3 Nxe3 27.
fxe3 Bc5 28. Kf2 Kf7 29. Rb1 Rd7 30. Ne1 Ke6 31. Nd3 Be7 32. Rb5 Rc7 33. Rb3 b6
34. Nb2 e4 35. c4 f5 36. Rb5 Bf6 37. c5 Rxc5 38. Rxc5 bxc5 39. Nc4 Bc3 40. Na3
a6 41. Nc4 Be5 42. Nb6 Bc7 0-1

[Event "European Youth Chess Championship G14"]
[Site "Prague, Top Hotel Prague"]
[Date "2012.08.22"]
[Round "6.22"]
[White "Maslova, Polina"]
[Black "Kahya, Gizem"]
[Result "1-0"]
[WhiteElo "1867"]
[BlackElo "1705"]
[PlyCount "129"]
[EventDate "2012.08.17"]

1. e4 e5 2. Nf3 Nc6 3. Bb5 a6 4. Ba4 Nf6 5. O-O Be7 6. Re1 b5 7. Bb3 d6 8. c3
O-O 9. d3 Na5 10. Bc2 c5 11. Nbd2 Nc6 12. Nf1 Re8 13. a4 b4 14. Bg5 h6 15. Bxf6
Bxf6 16. Ne3 Be6 17. Bb3 Rb8 18. Bd5 Qd7 19. h3 Ne7 20. Bxe6 fxe6 21. Ng4 Rf8
22. d4 exd4 23. cxd4 cxd4 24. Nxf6+ Rxf6 25. Qxd4 d5 26. Ne5 Qb7 27. exd5 exd5
28. Ng4 Rf7 29. Rad1 Rd8 30. Re6 Nf5 31. Qe5 a5 32. Re8+ Rxe8 33. Qxe8+ Kh7 34.
Ne5 Nd6 35. Qd8 Rf6 36. Nd7 Rf7 37. Nf8+ Rxf8 38. Qxf8 Ne4 39. Qf5+ Kg8 40.
Qxd5+ Qxd5 41. Rxd5 Kf7 42. Rxa5 Nd6 43. Ra7+ Kf6 44. Ra6 Ke5 45. Rb6 Kd5 46.
Rxb4 Kc5 47. Rb8 Nc4 48. Rc8+ Kb4 49. Rxc4+ Kxc4 50. a5 Kb5 51. b4 Ka6 52. Kf1
Kb5 53. Ke2 Ka6 54. Kd3 Kb5 55. Kd4 Ka6 56. Kc5 Kb7 57. b5 g5 58. a6+ Ka7 59.
b6+ Kb8 60. Kc6 h5 61. a7+ Ka8 62. Kc7 g4 63. b7+ Kxa7 64. b8=Q+ Ka6 65. Qb6#
1-0

[Event "European Youth Chess Championship G14"]
[Site "Prague, Top Hotel Prague"]
[Date "2012.08.22"]
[Round "6.23"]
[White "Kafetzi, Angeliki"]
[Black "Santeramo, Alessia"]
[Result "1/2-1/2"]
[WhiteElo "1687"]
[BlackElo "1867"]
[PlyCount "81"]
[EventDate "2012.08.17"]

1. e4 c5 2. Nf3 e6 3. d4 cxd4 4. Nxd4 a6 5. Nc3 Qc7 6. Nb3 Nf6 7. Bd3 Bd6 8. h3
Nc6 9. O-O h5 10. f4 e5 11. f5 Nd4 12. Be3 Nxb3 13. cxb3 Bc5 14. Qe2 d6 15.
Rac1 Bxe3+ 16. Qxe3 Qc5 17. Qxc5 dxc5 18. Na4 Bd7 19. Rxc5 Bxa4 20. Rxe5+ Kd7
21. bxa4 b6 22. Bxa6 Rxa6 23. Rd1+ Kc6 24. b4 Ra7 25. b5+ Kb7 26. Re7+ Kb8 27.
Rxa7 Kxa7 28. e5 Ne4 29. Rd7+ Kb8 30. Rxf7 Re8 31. Rxg7 Rxe5 32. Rf7 Ng3 33. f6
Rf5 34. Kh2 Nf1+ 35. Kg1 Ng3 36. Kh2 Nf1+ 37. Kg1 Ng3 38. Kh2 Nf1+ 39. Kg1 Ng3
40. Kh2 Nf1+ 41. Kg1 1/2-1/2

[Event "European Youth Chess Championship G14"]
[Site "Prague, Top Hotel Prague"]
[Date "2012.08.22"]
[Round "6.24"]
[White "Mokshanova, Elizaveta"]
[Black "Kubicka, Anna"]
[Result "1-0"]
[WhiteElo "1859"]
[BlackElo "1642"]
[PlyCount "73"]
[EventDate "2012.08.17"]

1. e4 d6 2. d4 Nf6 3. Nc3 e5 4. dxe5 dxe5 5. Qxd8+ Kxd8 6. Nf3 Bd6 7. Bc4 Ke8
8. O-O a6 9. h3 b5 10. Bb3 Bb7 11. Re1 b4 12. Nd5 Bxd5 13. exd5 Nfd7 14. Nd2 f6
15. Nc4 Kf7 16. Nxd6+ cxd6 17. a3 bxa3 18. Rxa3 Nc5 19. Bc4 Rc8 20. b4 Ncd7 21.
Bd3 Nb6 22. Bd2 N8d7 23. c3 Nc4 24. Bxc4 Rxc4 25. Rea1 Nb6 26. Ra5 Kg6 27. Be3
Nc8 28. Rxa6 Rxa6 29. Rxa6 Rxc3 30. Rc6 Rxc6 31. dxc6 d5 32. Bc5 Kf7 33. b5 Ne7
34. c7 Nc8 35. b6 Ke6 36. b7 Kd7 37. b8=Q 1-0

[Event "European Youth Chess Championship G14"]
[Site "Prague, Top Hotel Prague"]
[Date "2012.08.22"]
[Round "6.25"]
[White "Bohanesova, Vendula"]
[Black "Heinemann, Josefine"]
[Result "0-1"]
[WhiteElo "1653"]
[BlackElo "1839"]
[PlyCount "78"]
[EventDate "2012.08.17"]

1. e4 c5 2. Nf3 d6 3. d4 cxd4 4. Nxd4 Nf6 5. Nc3 a6 6. Be2 e6 7. Be3 Nbd7 8.
O-O b5 9. a3 Bb7 10. f4 Nxe4 11. Nxe4 Bxe4 12. Bf3 Nf6 13. f5 e5 14. Bxe4 Nxe4
15. Nc6 Qc7 16. Nb4 Nf6 17. Nd5 Qc6 18. Nxf6+ gxf6 19. Qf3 Qxf3 20. Rxf3 d5 21.
c3 Kd7 22. Rd1 Kc6 23. Rh3 h5 24. Kf2 h4 25. Kf3 Bc5 26. Bc1 Rag8 27. b4 e4+
28. Kf4 Bd6+ 29. Ke3 Rxg2 30. Rd2 Rg1 31. Bb2 Rf1 32. Rf2 Rxf2 33. Kxf2 Rh5 34.
Ke1 Be5 35. Kd1 Rxf5 36. Rxh4 Rf1+ 37. Kc2 Rf2+ 38. Kb3 Rxh2 39. Rg4 e3 0-1

[Event "European Youth Chess Championship G14"]
[Site "Prague, Top Hotel Prague"]
[Date "2012.08.22"]
[Round "6.26"]
[White "Wu, Min"]
[Black "Verstraeten, Iris"]
[Result "1-0"]
[WhiteElo "1831"]
[BlackElo "1639"]
[PlyCount "129"]
[EventDate "2012.08.17"]

1. e4 e5 2. Nf3 Nf6 3. d4 exd4 4. e5 Ne4 5. Qxd4 d5 6. exd6 Nxd6 7. Nc3 Nc6 8.
Qf4 Bf5 9. Bb5 Bd7 10. Bd3 Be7 11. Nd5 O-O 12. O-O Be6 13. Nxe7+ Qxe7 14. Bd2
Qd7 15. Nh4 Ne7 16. Rad1 a5 17. a3 Nef5 18. Bc3 Nxh4 19. Qxh4 Bf5 20. Qg3 f6
21. Rfe1 Bxd3 22. Rxd3 b6 23. h4 Qf7 24. Rf3 Qg6 25. Qxg6 hxg6 26. Re7 Rac8 27.
g4 Rfe8 28. Rfe3 Kf8 29. Rxe8+ Rxe8 30. Rxe8+ Kxe8 31. b3 Kf7 32. Kf1 Ne4 33.
Bb2 g5 34. h5 Nd6 35. Ke2 g6 36. h6 Ne8 37. f4 Kg8 38. fxg5 fxg5 39. Bc1 b5 40.
Bxg5 Kh7 41. Bd2 a4 42. bxa4 bxa4 43. Kd3 Nd6 44. g5 c6 45. Bf4 Nb5 46. Bc1 Nd6
47. c4 Kg8 48. Kc3 c5 49. Kd3 Kh7 50. Bf4 Nb7 51. Ke4 Kg8 52. Kd5 Nd8 53. Bd2
Nb7 54. Kc6 Nd8+ 55. Kxc5 Ne6+ 56. Kb4 Nd4 57. Kxa4 Nc6 58. Kb5 Nb8 59. c5 Kh7
60. c6 Nxc6 61. Kxc6 Kh8 62. a4 Kg8 63. a5 Kh8 64. a6 Kg8 65. h7+ 1-0

[Event "European Youth Chess Championship G14"]
[Site "Prague, Top Hotel Prague"]
[Date "2012.08.22"]
[Round "6.27"]
[White "Dakhundaridze, Nino"]
[Black "Bulmaga, Elena"]
[Result "1-0"]
[WhiteElo "1635"]
[BlackElo "1809"]
[PlyCount "91"]
[EventDate "2012.08.17"]

1. e4 c6 2. d4 d5 3. Nd2 dxe4 4. Nxe4 Bf5 5. Ng3 Bg6 6. h4 h6 7. Nf3 Nd7 8. h5
Bh7 9. Bd3 Bxd3 10. Qxd3 e6 11. Bf4 Qa5+ 12. Bd2 Bb4 13. c3 Be7 14. c4 Bb4 15.
O-O Bxd2 16. Nxd2 Ngf6 17. c5 Rd8 18. Nc4 Qc7 19. Nd6+ Kf8 20. f4 b6 21. b4 Ne8
22. Nge4 Ndf6 23. Nxf6 gxf6 24. Nxe8 Kxe8 25. f5 e5 26. Qg3 Kf8 27. Rad1 Rg8
28. Qe3 Rg5 29. dxe5 Rxd1 30. Rxd1 Qxe5 31. Rd8+ Kg7 32. Qxe5 fxe5 33. f6+ Kxf6
34. Rd6+ Kg7 35. cxb6 axb6 36. Rxc6 b5 37. Rc5 e4 38. Kf2 Kf6 39. g4 Re5 40.
Ke3 Rg5 41. Kf4 e3 42. Rxg5 hxg5+ 43. Kxe3 Ke5 44. h6 Kf6 45. Ke4 Kg6 46. h7
1-0

[Event "European Youth Chess Championship G14"]
[Site "Prague, Top Hotel Prague"]
[Date "2012.08.22"]
[Round "6.28"]
[White "Kasapchuk, Oleksandra"]
[Black "Valieva, Rufina"]
[Result "0-1"]
[WhiteElo "1604"]
[BlackElo "1928"]
[PlyCount "70"]
[EventDate "2012.08.17"]

1. e4 c5 2. Nf3 d6 3. d4 cxd4 4. Nxd4 Nf6 5. Nc3 a6 6. Bg5 e6 7. f4 Bd7 8. Qf3
Nc6 9. Nde2 Qa5 10. O-O-O Rc8 11. Bxf6 gxf6 12. Ng3 Be7 13. h4 b5 14. Kb1 b4
15. Nce2 Qc5 16. Rc1 Na5 17. Qh5 Qb6 18. Ng1 Nc6 19. Nf3 a5 20. Rh3 a4 21. Qb5
Qc7 22. Qd3 Na5 23. Nd2 Qb6 24. Nh5 Rg8 25. Rg3 Rxg3 26. Qxg3 a3 27. Qg8+ Bf8
28. Nxf6+ Ke7 29. Nxd7 Qd4 30. Qg5+ Kxd7 31. Qb5+ Ke7 32. c3 Qxd2 33. Rc2 Qe1+
34. Rc1 Qxe4+ 35. Bd3 Qxg2 0-1

[Event "European Youth Chess Championship G14"]
[Site "Prague, Top Hotel Prague"]
[Date "2012.08.22"]
[Round "6.29"]
[White "Shahbazyan, Hasmik"]
[Black "Gueci, Tea"]
[Result "0-1"]
[WhiteElo "1665"]
[BlackElo "1917"]
[PlyCount "98"]
[EventDate "2012.08.17"]

1. e4 c5 2. Nf3 d6 3. d4 cxd4 4. Nxd4 Nf6 5. Nc3 a6 6. Bg5 e6 7. f4 h6 8. Bh4
Qb6 9. Qd2 Qxb2 10. Rb1 Qa3 11. f5 Be7 12. fxe6 fxe6 13. Bc4 Nxe4 14. Nxe4
Bxh4+ 15. g3 Bg5 16. Nxg5 hxg5 17. O-O Qc5 18. Qf2 Nc6 19. Nxe6 Qxf2+ 20. Rxf2
Bxe6 21. Bxe6 b5 22. Rd1 Ne5 23. Rxd6 Ke7 24. Rb6 Rh6 25. Bd5 Rxb6 26. Bxa8 Rd6
27. Be4 Rd4 28. Bg2 Kd6 29. Rf5 Rd1+ 30. Rf1 Rd2 31. Rf2 Rxf2 32. Kxf2 Ng4+ 33.
Kg1 Ne3 34. Be4 Ke5 35. Bb7 a5 36. Bc6 b4 37. Ba4 Kd4 38. Kf2 Ng4+ 39. Kg2 Kc3
40. Kf3 Nxh2+ 41. Ke4 Nf1 42. g4 Kb2 43. Kf5 Ne3+ 44. Kxg5 Nxc2 45. Kg6 Ne3 46.
Bb3 Nxg4 47. Kxg7 Ne5 48. Kf6 Nd3 49. Ke6 Nc5+ 0-1

[Event "European Youth Chess Championship G14"]
[Site "Prague, Top Hotel Prague"]
[Date "2012.08.22"]
[Round "6.30"]
[White "Vasova, Maria"]
[Black "Babic, Tijana"]
[Result "1-0"]
[WhiteElo "1804"]
[BlackElo "1566"]
[PlyCount "115"]
[EventDate "2012.08.17"]

1. Nf3 d5 2. g3 Nf6 3. Bg2 Bg4 4. d3 c6 5. O-O e6 6. Nbd2 Be7 7. c4 O-O 8. b3
Nbd7 9. Bb2 Bxf3 10. Nxf3 Rc8 11. Re1 Qb6 12. Qc2 Rfd8 13. h3 Bd6 14. e4 Bxg3
15. Bd4 Qc7 16. e5 Nh5 17. fxg3 Nxg3 18. Bf2 Nf5 19. cxd5 exd5 20. d4 g6 21.
Nh4 Ng7 22. Nf3 Nf5 23. h4 Re8 24. Bh3 Ng7 25. Ng5 h6 26. Nf3 Ne6 27. Be3 Kg7
28. Qd2 Rh8 29. Bxe6 fxe6 30. Kh1 Rcf8 31. Qg2 Rf5 32. Rg1 Nf8 33. Raf1 Qd8 34.
Qg4 Rh7 35. h5 g5 36. Nh4 Rxf1 37. Rxf1 Kg8 38. Ng6 Rf7 39. Rxf7 Kxf7 40. Qf3+
Kg7 41. Nxf8 Qxf8 42. Qxf8+ Kxf8 43. Kg2 Kg7 44. Bd2 b6 45. Bb4 Kf7 46. Bd6 Ke8
47. Kf3 Kf7 48. Bb8 a6 49. Bc7 b5 50. Ba5 Kg7 51. Ke3 Kf7 52. Kf3 Ke7 53. Kg4
Kf7 54. Bd2 Kg7 55. b4 Kh7 56. Bxg5 Kg7 57. Bxh6+ Kxh6 58. Kh4 1-0